Arqueología cronológica de Venezuela

Guardat en:
Dades bibliogràfiques
Autors principals: Cruxent, J. M (Autor), Rouse, Irving (Autor)
Format: Llibre
Idioma:espanyol
Publicat: Washington, D.C Unión Panamericana 1961
Col·lecció:Estudios Monográficos, 6
Matèries:
Etiquetes: Afegir etiqueta
Sense etiquetes, Sigues el primer a etiquetar aquest registre!

MARC

LEADER 00000nam a2200000 a 4500
001 UCO4154
003 CL-VaPUC
008 000728e19610000US |||||||||||||||||spa|d
082 0 4 |a 987.01  |b CRU  |2 21 
100 0 |a Cruxent, J. M  |e author  |9 448344 
700 0 |a Rouse, Irving  |e author  |9 448345 
245 1 0 |a Arqueología cronológica de Venezuela 
300 |a v 
942 |c BK 
945 |d 20000728 00:00:00  |a crobeson 
260 |a Washington, D.C  |b Unión Panamericana  |c 1961 
650 0 |a Historia de Venezuela  |9 446382 
650 0 |a Arqueología   |9 265619 
651 0 |a Venezuela  |9 254993 
583 |a last modification  |c 20000728 00:00:00  |k Rodrigo Vera 
490 0 |a Estudios Monográficos, 6 
999 |c 290227  |d 290225 
952 |0 0  |1 0  |4 0  |6 987_010000000000000_CRU_1961  |7 0  |8 A  |9 339524  |a BIBHIS  |b BIBHIS  |d 2019-11-20  |h v.1  |i 121117K  |o 987.01 CRU 1961  |p 121117K  |r 2025-01-20  |w 2019-11-20  |y BK  |k HIS 
952 |0 0  |1 0  |4 0  |6 987_010000000000000_CRU_1961  |7 0  |8 A  |9 339525  |a BIBHIS  |b BIBHIS  |d 2019-11-20  |h v.2  |i 1211188  |o 987.01 CRU 1961  |p 1211188  |r 2025-01-20  |w 2019-11-20  |y BK  |k HIS